Administratívna budova Štefánikova 13 a 15

Saved in:
Bibliographic Details
Main Author: Petráň, Juraj (Author)
Other Authors: Jankovichová, Eva (Thesis advisor)
Format: Manuscript Book
Language:Slovak
Published: 2015
Subjects:
Online Access:http://is.stuba.sk/zp/portal_zp.pl?podrobnosti=109727
https://opac.crzp.sk/?fn=detailBiblioForm&sid=D6D76FDBEB5D0472D87DC1D57304
Tags: Add Tag
No Tags, Be the first to tag this record!

MARC

LEADER 00000ntm a22000003a 4500
001 stuzp51825
003 SK-STU
005 20231027141645.9
007 ta
008 150427s2015----xo-----f-mn---000-0-slo-d
040 |a STU  |b slo 
041 0 |a slo 
100 1 |a Petráň, Juraj  |u 010270  |4 aut  |U SvF Stavebná fakulta  |T SvF Katedra technológie stavieb  |X 7641  |U V270  |Y 28  |7 A000007641 
242 0 1 |a Office building Štefánikova 13 and 15  |y eng 
245 1 0 |a Administratívna budova Štefánikova 13 a 15 
260 |c 2015 
650 4 |a Administratívna  |2 slo 
650 4 |a budova  |2 slo 
650 4 |a Štefánikova  |2 slo 
650 4 |a Office  |2 eng 
650 4 |a Štefánikova  |2 eng 
650 4 |a building  |2 eng 
700 1 |a Jankovichová, Eva  |4 ths  |X 647  |7 A000000647 
856 4 |u http://is.stuba.sk/zp/portal_zp.pl?podrobnosti=109727 
856 4 |u https://opac.crzp.sk/?fn=detailBiblioForm&sid=D6D76FDBEB5D0472D87DC1D57304 
SQL |a stuzp51825  |b DDP  |c SLO  |d Administratívna budova Štefánikova 13 a 15  |e 7641  |f Petráň, Juraj  |g 010270  |h 647  |i Jankovichová, Eva  |j 20150618  |k 681  |l 01  |m http://is.stuba.sk/zp/portal_zp.pl?podrobnosti=109727  |n I-TS  |o 5.2.8. stavebníctvo